000
00215 a2200097 4500
001
41005
100
_a
S Sulman Nadvi
245
_a
Tarikh Arzul Quran
260
_a
Karachi
_b
Dar ul Ishaat
_c
090
_c
25240
_d
25240
942
_a
NUST-CAE
_c
M
_c
16937
999
_c
276078
_d
276078